00745nam a22002057a 450000500170000001000150001702000260003203500140005803700090007208200120008110000310009324500620012425000060018626000360019227000910022830000190031994200260033899900190036495201560038320250724145739.0 aENG-146125 a9789348685391c350.00 aEN-129657 bDBAD a808.883 aPais, Joseph Dolphy983305 aLead me to God in the Mystical Steps/cJoseph Dolphy Pais a1 aBengalurubATC Publishersc2025 a9/12-1, 1st Floor, Lloyd's Road Cooke TownbBengalurue560005madmin@atcpublishers.com a243pc21cm(pb) 2ddccENmPAIh808.883 c212581d212581 001040708NFICaJPbJPd2025-07-24eDelivery of Books Act Divisiong350.00l0oPAI 808.883pEN-129657r2025-07-24 00:00:00t1v350.00w2025-07-24yEN